[Event "Rated Blitz game"]
[Site "?"]
[Date "2021.10.11"]
[Round "?"]
[White "Ruslan_Dzhumabaev"]
[Black "batasjon"]
[Result "0-1"]
[WhiteElo "2428"]
[BlackElo "2427"]
[PlyCount "60"]
[EventDate "2021.??.??"]
[EventType "blitz"]

1. e4 e5 2. Nf3 d5 3. exd5 e4 4. Ne5 Qxd5 5. d4 exd3 6. Nxd3 Nf6 7. Nc3 Qf5 8.
Be2 Bd6 9. O-O O-O 10. h3 Nc6 11. Be3 Re8 12. Bf3 Ne5 13. Nxe5 Qxe5 14. Re1
Qh2+ 15. Kf1 Be6 16. b3 Rad8 17. Qd4 Be5 18. Qb4 Bf5 19. Rac1 Bd4 20. g4 Bxe3
21. Rxe3 Rxe3 22. fxe3 Qxh3+ 23. Bg2 Qxe3 24. Re1 Qd2 25. gxf5 a5 26. Qe7 h6
27. Ne4 Qf4+ 28. Kg1 Rd2 29. Nxf6+ gxf6 30. Qxf6 Qf2+ {Normal} 0-1

[Event "Rated Blitz game"]
[Site "?"]
[Date "2021.10.11"]
[Round "?"]
[White "ZhuoKoudian"]
[Black "Benny_Watts_2005"]
[Result "1-0"]
[WhiteElo "2405"]
[BlackElo "2342"]
[PlyCount "33"]
[EventDate "2021.??.??"]
[EventType "blitz"]

1. e4 e5 2. Nf3 d5 3. Nxe5 Bd6 4. d4 dxe4 5. Nc4 Nc6 6. Nxd6+ Qxd6 7. c3 Nf6 8.
Bg5 Bg4 9. Qb3 Rb8 10. Nd2 Bf5 11. Nc4 Qe6 12. Ne3 Qd7 13. Bxf6 gxf6 14. Bb5
Rg8 15. d5 a6 16. dxc6 bxc6 17. Bxc6 {Normal} 1-0

[Event "Rated Blitz game"]
[Site "?"]
[Date "2021.10.11"]
[Round "?"]
[White "wannabe2700"]
[Black "King_bg03"]
[Result "1-0"]
[WhiteElo "2666"]
[BlackElo "2536"]
[PlyCount "67"]
[EventDate "2021.??.??"]
[EventType "blitz"]

1. e4 e5 2. Nf3 d5 3. exd5 e4 4. Qe2 Qe7 5. Nd4 Nf6 6. d3 exd3 7. Qxe7+ Bxe7 8.
c4 Bc5 9. Nb5 Ne4 10. Be3 Bxe3 11. fxe3 Na6 12. Bxd3 Nec5 13. Be2 O-O 14. N1c3
c6 15. dxc6 bxc6 16. Nd4 Re8 17. Kf2 Nb4 18. Rad1 Ne6 19. a3 Nxd4 20. exd4 Nc2
21. Rd2 Ne3 22. Re1 Nf5 23. Bf3 Rxe1 24. Kxe1 Bd7 25. Ne4 Ne3 26. b3 Rb8 27.
Kf2 Nf5 28. Nc5 Be8 29. d5 cxd5 30. Rxd5 Ne7 31. Rd6 Nf5 32. Ra6 Nd4 33. Rxa7
Kf8 34. b4 {Normal} 1-0

[Event "Rated Blitz game"]
[Site "?"]
[Date "2021.10.11"]
[Round "?"]
[White "MnKTG1763"]
[Black "Annali-annaliew1979"]
[Result "1-0"]
[WhiteElo "2429"]
[BlackElo "2401"]
[PlyCount "57"]
[EventDate "2021.??.??"]
[EventType "blitz"]

1. e4 e5 2. Nf3 d5 3. d4 dxe4 4. Nxe5 Bd6 5. Nc4 Nf6 6. Nxd6+ cxd6 7. c4 h6 8.
Nc3 O-O 9. Be2 Bf5 10. O-O a6 11. b3 Nc6 12. Bb2 d5 13. cxd5 Nxd5 14. Nxd5 Qxd5
15. Bc4 Qd7 16. d5 Ne7 17. Qd4 f6 18. d6+ Kh7 19. dxe7 Qxe7 20. Rfe1 Rad8 21.
Qe3 Bg6 22. Rad1 b5 23. Be2 f5 24. Rxd8 Qxd8 25. Rd1 Qe7 26. g3 f4 27. gxf4 Qh4
28. Qg3 Qf6 29. Bxf6 {Normal} 1-0

[Event "Rated Blitz game"]
[Site "?"]
[Date "2021.10.11"]
[Round "?"]
[White "Kitikites"]
[Black "RCompany_1"]
[Result "1-0"]
[WhiteElo "2526"]
[BlackElo "2472"]
[PlyCount "93"]
[EventDate "2021.??.??"]
[EventType "blitz"]

1. e4 e5 2. Nf3 d5 3. Nc3 d4 4. Ne2 Nc6 5. g3 Be7 6. d3 h5 7. h4 Nh6 8. Bg2 Ng4
9. O-O Be6 10. c3 dxc3 11. bxc3 O-O 12. d4 Bc4 13. d5 Nb8 14. Rb1 Bc5 15. Nd2
Bd3 16. Rxb7 Bb6 17. Nb3 Ba6 18. Rxb6 axb6 19. f3 Nf6 20. Bg5 Nbd7 21. Rf2 Bc4
22. Nec1 Qe7 23. Be3 Ra4 24. Qd2 Rfa8 25. Bh3 Ba6 26. Kh2 Nf8 27. Bg5 N8h7 28.
Be3 Bc8 29. Qc2 Bxh3 30. Kxh3 Qd7+ 31. Kg2 Qb5 32. Nd2 Ra3 33. c4 Qa4 34. Ndb3
Nd7 35. f4 Nhf8 36. f5 f6 37. Qe2 Qb4 38. Bd2 Qd6 39. Be3 Nc5 40. Bxc5 bxc5 41.
Qxh5 R8a4 42. Qe2 Rb4 43. Rf3 Raa4 44. Rc3 Qa6 45. Nxc5 Rxc4 46. Nxa4 Qxa4 47.
Qxc4 {Time forfeit} 1-0

[Event "Rated Blitz game"]
[Site "?"]
[Date "2021.10.11"]
[Round "?"]
[White "ghadanfar"]
[Black "RiskyBlitzer"]
[Result "0-1"]
[WhiteElo "2531"]
[BlackElo "2470"]
[PlyCount "86"]
[EventDate "2021.??.??"]
[EventType "blitz"]

1. e4 e5 2. Nf3 d5 3. exd5 e4 4. Qe2 Nf6 5. d3 Be7 6. dxe4 O-O 7. Nc3 Re8 8.
Be3 Bb4 9. e5 Nxd5 10. Rd1 Nxc3 11. Rxd8 Nxe2+ 12. Rd2 Nc1 13. c3 Bf8 14. b3
Be6 15. Kd1 Nxb3 16. axb3 Bxb3+ 17. Kc1 a5 18. Bd3 a4 19. Bb1 a3 20. Ba2 Bxa2
21. Rxa2 Nd7 22. Rd1 Nxe5 23. Nxe5 Rxe5 24. Rd7 Bd6 25. Kd2 Rb5 26. c4 Rb2+ 27.
Rxb2 axb2 28. Kc2 Be5 29. Bd4 Bxd4 30. Rxd4 Kf8 31. Kxb2 Ke8 32. Rh4 h6 33. Rg4
g6 34. Rg3 Ra6 35. Rh3 h5 36. Rb3 b6 37. Kc3 Ra5 38. Rb2 Re5 39. Kd4 Re6 40. f4
Ke7 41. h3 f5 42. g4 hxg4 43. hxg4 Re4+ {Normal} 0-1

[Event "Rated Blitz game"]
[Site "?"]
[Date "2021.10.11"]
[Round "?"]
[White "DrTomQ"]
[Black "walodelpalo"]
[Result "0-1"]
[WhiteElo "2400"]
[BlackElo "2390"]
[PlyCount "138"]
[EventDate "2021.??.??"]
[EventType "blitz"]

1. e4 e5 2. Nf3 d5 3. Qe2 Bd6 4. exd5 Qe7 5. d4 e4 6. Nfd2 Nf6 7. c4 O-O 8. Nc3
Re8 9. g3 Bb4 10. Bg2 e3 11. fxe3 Qxe3 12. Qxe3 Rxe3+ 13. Kd1 Bxc3 14. bxc3
Rxc3 15. Bb2 Bg4+ 16. Ke1 Rc2 17. Bc1 Nbd7 18. Kf2 Re8 19. Re1 Rxe1 20. Kxe1
Rc3 21. Rb1 Nb6 22. Bf1 Bf5 23. Bb2 Re3+ 24. Kf2 Bxb1 25. Kxe3 Bxa2 26. Kd3
Nbd7 27. Kc3 b5 28. cxb5 Bxd5 29. Nc4 Bf3 30. Ne5 Nxe5 31. dxe5 Nd5+ 32. Kd4
Nb6 33. Kc5 Kf8 34. h4 Ke7 35. Bh3 Na4+ 36. Kb4 Nxb2 37. Ka5 Kd8 38. Ka6 Nd3
39. Kxa7 Nxe5 40. Kb8 Be2 41. Bf5 g6 42. Be4 Bxb5 43. Kb7 Bd7 44. Ka6 c5 45.
Ka5 Ke7 46. Bd5 Kd6 47. Be4 c4 48. Kb4 Bc6 49. Bc2 Kd5 50. Kc3 Nf3 51. Bd1 Nd4
52. Bg4 f5 53. Bh3 Nb5+ 54. Kb4 Nd6 55. Bg2+ Ne4 56. g4 Kd4 57. h5 c3 58. Kb3
fxg4 59. h6 Nd2+ 60. Kc2 Bxg2 61. Kd1 Bf3+ 62. Kc2 Be4+ 63. Kd1 Nc4 64. Kc1 Nb6
65. Kd1 Nd5 66. Kc1 Nb4 67. Kd1 Bf5 68. Kc1 Na2+ 69. Kd1 c2+ {Normal} 0-1

[Event "Rated Blitz game"]
[Site "?"]
[Date "2021.10.11"]
[Round "?"]
[White "NicksonSan"]
[Black "RCompany_1"]
[Result "0-1"]
[WhiteElo "2450"]
[BlackElo "2430"]
[PlyCount "86"]
[EventDate "2021.??.??"]
[EventType "blitz"]

1. e4 e5 2. Nf3 d5 3. Nxe5 Bd6 4. d4 dxe4 5. Nc4 Be7 6. Nc3 Nf6 7. Bg5 O-O 8.
Be2 Nc6 9. O-O Nxd4 10. Bxf6 Bxf6 11. Nxe4 Be7 12. Bd3 Be6 13. Ncd2 c5 14. Nf3
Bg4 15. Ned2 Bf6 16. c3 Nc6 17. Be4 Qc7 18. h3 Bh5 19. g4 Bg6 20. Bxg6 hxg6 21.
Ne4 Be7 22. Qc2 Rfe8 23. Rfe1 Rad8 24. Rad1 Rxd1 25. Qxd1 Rd8 26. Qe2 Qf4 27.
Ng3 Bd6 28. Qe4 Qf6 29. g5 Qf4 30. Qxf4 Bxf4 31. Kg2 Kf8 32. Ne4 b6 33. h4 Rd3
34. Re2 Ne7 35. Ne1 Rd1 36. Ng3 Nd5 37. Nc2 Bc1 38. c4 Nf4+ 39. Kf3 Nxe2 40.
Kxe2 Rd2+ 41. Ke1 Rxc2 42. Kd1 Rxc4 43. Ne2 Bxb2 {Normal} 0-1

[Event "Rated Blitz game"]
[Site "?"]
[Date "2021.10.11"]
[Round "?"]
[White "Dr_Miro_aliraqi"]
[Black "Annali-annaliew1979"]
[Result "0-1"]
[WhiteElo "2424"]
[BlackElo "2405"]
[PlyCount "40"]
[EventDate "2021.??.??"]
[EventType "blitz"]

1. e4 e5 2. Nf3 d5 3. Bc4 dxc4 4. Nxe5 Qe7 5. Nxc4 Qxe4+ 6. Ne3 Bd6 7. d3 Qh4
8. Nd2 Nf6 9. Nf3 Qh5 10. Qe2 O-O 11. Bd2 Nc6 12. O-O-O Be6 13. h3 Bxa2 14. g4
Qb5 15. g5 Nd5 16. c4 Nf4 17. Qf1 Qb3 18. Bc3 Bb4 19. Qe1 Bxc3 20. Qxc3 Ne2+ {
Normal} 0-1

[Event "Rated Blitz game"]
[Site "?"]
[Date "2021.10.11"]
[Round "?"]
[White "ehud50"]
[Black "Benny_Watts_2005"]
[Result "0-1"]
[WhiteElo "2497"]
[BlackElo "2343"]
[PlyCount "98"]
[EventDate "2021.??.??"]
[EventType "blitz"]

1. e4 e5 2. Nf3 d5 3. Nxe5 Bd6 4. d4 dxe4 5. Nc4 Nc6 6. Nxd6+ Qxd6 7. Be3 Nf6
8. Be2 Qb4+ 9. Nc3 Qxb2 10. Nb5 Qb4+ 11. c3 Qe7 12. Bf4 Nd5 13. Bg3 a6 14. c4
axb5 15. cxd5 Qb4+ 16. Qd2 Nxd4 17. Qxb4 Nc2+ 18. Kd2 Nxb4 19. Bxc7 Nxd5 20.
Bxb5+ Bd7 21. Bxd7+ Kxd7 22. Be5 Ke6 23. Bxg7 Rhg8 24. Bd4 Rxg2 25. a4 f5 26.
h4 f4 27. Ke2 e3 28. Rhf1 Kf5 29. Kf3 Rag8 30. Rab1 b6 31. Rb5 Ke6 32. Bxb6 Nc3
33. Rb3 e2 34. Re1 Rg1 35. Rxe2+ Nxe2 36. Kxe2 Re8 37. Kf3 Kf5 38. Rb5+ Re5 39.
Rb4 Rg4 40. Bc7 Re8 41. Bxf4 Rxh4 42. Rb5+ Ke6 43. a5 Rh3+ 44. Bg3 Rf8+ 45. Kg2
Rh6 46. Rb6+ Kd5 47. Rxh6 Ra8 48. Rxh7 Kc4 49. Rh5 Kb3 {Time forfeit} 0-1

[Event "Rated Blitz game"]
[Site "?"]
[Date "2021.10.11"]
[Round "?"]
[White "IguanaAstronaut"]
[Black "RCompany_1"]
[Result "0-1"]
[WhiteElo "2449"]
[BlackElo "2441"]
[PlyCount "28"]
[EventDate "2021.??.??"]
[EventType "blitz"]

1. e4 e5 2. Nf3 d5 3. Nxe5 Bd6 4. d4 dxe4 5. f3 Bxe5 6. dxe5 Qxd1+ 7. Kxd1 Nc6
8. Bf4 Bf5 9. Nc3 O-O-O+ 10. Ke1 exf3 11. gxf3 Bxc2 12. Rc1 Bd3 13. Bh3+ Kb8
14. Nb5 Bxb5 {Normal} 0-1

[Event "Rated Blitz game"]
[Site "?"]
[Date "2021.10.11"]
[Round "?"]
[White "SHL1"]
[Black "barry-allen"]
[Result "0-1"]
[WhiteElo "2439"]
[BlackElo "2332"]
[PlyCount "40"]
[EventDate "2021.??.??"]
[EventType "blitz"]

1. e4 e5 2. Nf3 d5 3. Nxe5 Bd6 4. d4 dxe4 5. Nc3 Bxe5 6. dxe5 Qxd1+ 7. Kxd1 Nc6
8. Bb5 Bg4+ 9. Ke1 O-O-O 10. Bxc6 bxc6 11. Be3 Ne7 12. Nxe4 Ng6 13. f4 Bf5 14.
Nc5 Rhe8 15. Rd1 Rxd1+ 16. Kxd1 f6 17. Bd4 Nxf4 18. exf6 gxf6 19. Rf1 Bg4+ 20.
Kc1 Ne2+ {Time forfeit} 0-1

[Event "Rated Blitz game"]
[Site "?"]
[Date "2021.10.11"]
[Round "?"]
[White "Mary_Perova"]
[Black "GrandeGila"]
[Result "1-0"]
[WhiteElo "2406"]
[BlackElo "2535"]
[PlyCount "99"]
[EventDate "2021.??.??"]
[EventType "blitz"]

1. e4 e5 2. Nf3 d5 3. Nxe5 Bd6 4. d4 dxe4 5. Nc4 Nc6 6. Nxd6+ Qxd6 7. Be3 Nf6
8. Be2 Bf5 9. c4 O-O 10. Nc3 Rad8 11. d5 Ne5 12. h3 c6 13. c5 Qd7 14. d6 b6 15.
b4 bxc5 16. bxc5 Qb7 17. Rb1 Qa8 18. O-O Ned7 19. Bc4 Rfe8 20. Qb3 Be6 21. Bxe6
Rxe6 22. Qb7 Ree8 23. Qxa8 Rxa8 24. Rb7 Rab8 25. Rfb1 Kf8 26. Bd4 Red8 27. Bxf6
gxf6 28. Nxe4 f5 29. Rxb8 Nxb8 30. Ng3 f4 31. Nf5 Nd7 32. Rb7 a5 33. Rc7 Nxc5
34. Rxc6 Ne4 35. Ra6 Ke8 36. Rxa5 Nxd6 37. Re5+ Kd7 38. Rd5 Ke6 39. Rxd6+ Rxd6
40. Nxd6 Kxd6 41. Kf1 Kd5 42. Ke2 Ke4 43. a4 Kd4 44. Kf3 Kc4 45. Kxf4 Kb4 46.
Kf5 Kxa4 47. Kf6 Kb5 48. Kxf7 Kc5 49. Kg7 Kd5 50. Kxh7 {Normal} 1-0

[Event "Rated Blitz game"]
[Site "?"]
[Date "2021.10.11"]
[Round "?"]
[White "durakitodemedellin"]
[Black "RCompany_1"]
[Result "1-0"]
[WhiteElo "2642"]
[BlackElo "2451"]
[PlyCount "79"]
[EventDate "2021.??.??"]
[EventType "blitz"]

1. e4 e5 2. Nf3 d5 3. Nxe5 Bd6 4. d4 dxe4 5. Nc4 Be7 6. Be2 Nf6 7. Ne3 O-O 8.
O-O Re8 9. c4 Nc6 10. d5 Ne5 11. Nc3 Bd6 12. b3 a6 13. Bb2 Ng6 14. Na4 Bd7 15.
c5 Be5 16. Bxe5 Nxe5 17. Nc3 Qe7 18. Qd4 Ng6 19. Rfd1 Rad8 20. Rac1 Bc8 21. b4
h6 22. a4 Nh7 23. b5 axb5 24. Nxb5 f5 25. d6 cxd6 26. cxd6 Qg5 27. Rxc8 f4 28.
Rxd8 Rxd8 29. Qxe4 fxe3 30. Qxe3 Nf4 31. g3 Nh3+ 32. Kg2 Qxe3 33. fxe3 N3g5 34.
h4 Ne4 35. Bf3 Nhf6 36. Rd4 Nc5 37. g4 g5 38. hxg5 hxg5 39. Rc4 b6 40. a5 {
Time forfeit} 1-0

[Event "Rated Blitz tournament QcJFQFbx"]
[Site "?"]
[Date "2021.10.11"]
[Round "?"]
[White "DeniNur_kabtasik"]
[Black "PejuangBKD"]
[Result "0-1"]
[WhiteElo "2237"]
[BlackElo "2429"]
[PlyCount "88"]
[EventDate "2021.??.??"]
[EventType "blitz"]

1. e4 e5 2. Nf3 d5 3. d4 dxe4 4. Nxe5 Nc6 5. Nxc6 bxc6 6. g3 c5 7. c3 cxd4 8.
cxd4 c5 9. Be3 cxd4 10. Bxd4 Nf6 11. Bg2 Bb4+ 12. Nc3 O-O 13. O-O Bb7 14. a3
Ba5 15. b4 Bb6 16. Bxb6 Qxb6 17. Qb3 e3 18. fxe3 Qxe3+ 19. Kh1 Bxg2+ 20. Kxg2
Rac8 21. Rf3 Qd2+ 22. Kh1 Ng4 23. Ra2 Qe1+ 24. Kg2 Ne5 25. Rf1 Qxc3 26. Qd5 Ng4
27. Re2 Ne3+ 28. Rxe3 Qxe3 29. h4 Rc2+ 30. Kh3 Qe2 31. Rf3 Qe6+ 32. Qf5 Qxf5+
33. Rxf5 g6 34. Ra5 f5 35. Rxa7 Re8 36. h5 Ree2 37. Kh4 h6 38. Ra8+ Kg7 39.
Ra7+ Kf8 40. Ra8+ Ke7 41. Ra7+ Kd8 42. Ra8+ Kc7 43. g4 g5+ 44. Kg3 Re3# {Normal
} 0-1

[Event "Rated Blitz game"]
[Site "?"]
[Date "2021.10.11"]
[Round "?"]
[White "rusty_brain"]
[Black "oJHuNikx"]
[Result "0-1"]
[WhiteElo "2417"]
[BlackElo "2445"]
[PlyCount "38"]
[EventDate "2021.??.??"]
[EventType "blitz"]

1. e4 e5 2. Nf3 d5 3. exd5 e4 4. Ne5 Qxd5 5. d4 exd3 6. Nxd3 Bf5 7. Nc3 Qe6+ 8.
Be2 Nc6 9. Nf4 Qe5 10. Be3 Bd6 11. Qd5 Nf6 12. Qxe5+ Bxe5 13. O-O-O Bxc3 14.
bxc3 Ne4 15. Nd5 O-O-O 16. f3 Nd6 17. g4 Be6 18. Kb2 Rhe8 19. Nf4 Bc4 {Normal}
0-1

[Event "Rated Blitz game"]
[Site "?"]
[Date "2021.10.11"]
[Round "?"]
[White "kingsolver2018"]
[Black "pashpawn"]
[Result "0-1"]
[WhiteElo "2472"]
[BlackElo "2422"]
[PlyCount "42"]
[EventDate "2021.??.??"]
[EventType "blitz"]

1. e4 e5 2. Nf3 d5 3. Nxe5 Qe7 4. d4 f6 5. Nd3 dxe4 6. Nf4 Bf5 7. Bc4 Nc6 8.
Nd5 Qd7 9. O-O O-O-O 10. b4 Nge7 11. Nxe7+ Bxe7 12. b5 Nxd4 13. Be3 Nf3+ 14.
gxf3 Qxd1 15. Rxd1 Rxd1+ 16. Kg2 exf3+ 17. Kxf3 Bd6 18. Ke2 Bxc2 19. Bb3 Rxb1
20. Bxc2 Rxa1 21. Bb3 Re8 {Normal} 0-1

[Event "Rated Blitz game"]
[Site "?"]
[Date "2021.10.11"]
[Round "?"]
[White "Kamo_Gurtovoy85"]
[Black "RCompany_1"]
[Result "0-1"]
[WhiteElo "2642"]
[BlackElo "2450"]
[PlyCount "74"]
[EventDate "2021.??.??"]
[EventType "blitz"]

1. e4 e5 2. Nf3 d5 3. exd5 e4 4. Qe2 Nf6 5. Nc3 Be7 6. Nxe4 Nxd5 7. d4 O-O 8.
c4 Bb4+ 9. Bd2 Bxd2+ 10. Nfxd2 Nb4 11. O-O-O Qxd4 12. a3 N4c6 13. Nf3 Qb6 14.
c5 Qb3 15. Qc4 Be6 16. Qxb3 Bxb3 17. Rd2 Rd8 18. Rxd8+ Nxd8 19. Nd4 Bd5 20. Nc3
Be6 21. Bd3 Nbc6 22. Nxe6 Nxe6 23. b4 a5 24. Nd5 axb4 25. axb4 Rd8 26. Bc4 Ne5
27. Bb3 Nd4 28. Ba2 Nd3+ 29. Kd2 Nxf2 30. Rf1 Ne4+ 31. Ke3 Nf6 32. Nxf6+ gxf6
33. Rxf6 Nc2+ 34. Kf3 Nxb4 35. Bc4 Nd5 36. c6 Nxf6 37. cxb7 Rb8 {Time forfeit}
0-1

[Event "Rated Blitz game"]
[Site "?"]
[Date "2021.10.11"]
[Round "?"]
[White "Mynameislegion"]
[Black "Annali-annaliew1979"]
[Result "0-1"]
[WhiteElo "2313"]
[BlackElo "2421"]
[PlyCount "138"]
[EventDate "2021.??.??"]
[EventType "blitz"]

1. e4 e5 2. Nf3 d5 3. exd5 e4 4. Qe2 f5 5. d3 Nf6 6. Nbd2 Be7 7. dxe4 fxe4 8.
Ng5 O-O 9. Ngxe4 Nxe4 10. Nxe4 Qxd5 11. Qc4 Be6 12. Qxd5 Bxd5 13. Bd3 Nc6 14.
a3 Ne5 15. Be3 Nxd3+ 16. cxd3 b6 17. f3 Rad8 18. Ke2 h6 19. Rac1 c5 20. Rhd1
Bb3 21. Rf1 Rfe8 22. Rc3 Bd5 23. Rfc1 Bb7 24. b4 cxb4 25. axb4 Bxb4 26. Rc7 Ba6
27. Rd1 Re7 28. Rxe7 Bxe7 29. Ra1 Bxd3+ 30. Kf2 Bxe4 31. Rxa7 Bxf3 32. Rxe7 Ba8
33. Bxb6 Rf8+ 34. Kg3 Rf6 35. Re8+ Kf7 36. Rxa8 Rxb6 37. Ra7+ Kg6 38. h3 h5 39.
Ra4 Kg5 40. Ra5+ Kh6 41. h4 Rb4 42. Kh3 Rg4 43. g3 Rc4 44. Rb5 Rc1 45. Ra5 g6
46. Rb5 Rc6 47. Ra5 Kg7 48. Ra7+ Kf6 49. Ra5 Re6 50. Ra7 Kf5 51. Ra5+ Re5 52.
Ra4 Rd5 53. Ra7 g5 54. Rf7+ Kg6 55. Rf2 g4+ 56. Kg2 Rd3 57. Rf4 Rd5 58. Kg1 Rf5
59. Rc4 Ra5 60. Rc6+ Kf5 61. Rc4 Re5 62. Rf4+ Ke6 63. Ra4 Kd5 64. Kg2 Re2+ 65.
Kf1 Rc2 66. Ra5+ Rc5 67. Rxc5+ Kxc5 68. Kf2 Kd4 69. Ke2 Ke4 {Normal} 0-1

[Event "Rated Blitz game"]
[Site "?"]
[Date "2021.10.11"]
[Round "?"]
[White "StoofBuzze"]
[Black "Annali-annaliew1979"]
[Result "1-0"]
[WhiteElo "2498"]
[BlackElo "2439"]
[PlyCount "55"]
[EventDate "2021.??.??"]
[EventType "blitz"]

1. e4 e5 2. Nf3 d5 3. exd5 e4 4. Qe2 f5 5. d3 Nf6 6. dxe4 fxe4 7. Ng5 Be7 8.
Nxe4 Nxe4 9. Qxe4 O-O 10. Bd3 Bf5 11. Qc4 Bxd3 12. Qxd3 Bb4+ 13. Nc3 Re8+ 14.
Be3 Nd7 15. O-O-O a6 16. Qc4 Bd6 17. Rhe1 b5 18. Qg4 Ne5 19. Qg5 Qd7 20. Bd4
Qf7 21. Bxe5 Rxe5 22. Rxe5 Bxe5 23. Qxe5 Re8 24. Qg3 b4 25. Na4 h6 26. Nc5 Re2
27. Ne6 Qf5 28. Qxg7# {Normal} 1-0

[Event "Rated Blitz game"]
[Site "?"]
[Date "2021.10.11"]
[Round "?"]
[White "Essaouria"]
[Black "Heri72"]
[Result "0-1"]
[WhiteElo "2320"]
[BlackElo "2423"]
[PlyCount "68"]
[EventDate "2021.??.??"]
[EventType "blitz"]

1. e4 e5 2. Nf3 d5 3. d3 dxe4 4. dxe4 Qxd1+ 5. Kxd1 Nc6 6. Bb5 f6 7. Nc3 Bg4 8.
h3 O-O-O+ 9. Ke1 Bh5 10. Bxc6 bxc6 11. Be3 Bb4 12. Bxa7 Bxc3+ 13. bxc3 Kb7 14.
Bc5 Bxf3 15. gxf3 Nh6 16. Rb1+ Ka6 17. Rg1 Rd7 18. Rb3 Rhd8 19. Rg3 g5 20. Be3
Nf7 21. h4 h6 22. hxg5 fxg5 23. Ra3+ Kb5 24. Ke2 Rd1 25. Ra7 R8d7 26. Rxc7 Rxc7
27. Kxd1 Kc4 28. Bd2 Ra7 29. Kc1 Rxa2 30. Kb1 Ra8 31. Rg1 Rd8 32. Kc1 h5 33.
Bxg5 Rg8 34. f4 exf4 {Normal} 0-1

[Event "Rated Blitz game"]
[Site "?"]
[Date "2021.10.11"]
[Round "?"]
[White "quarkonio"]
[Black "alaeldin112"]
[Result "1-0"]
[WhiteElo "2453"]
[BlackElo "2409"]
[PlyCount "49"]
[EventDate "2021.??.??"]
[EventType "blitz"]

1. e4 e5 2. Nf3 d5 3. exd5 e4 4. Qe2 Nf6 5. d3 Qxd5 6. Nc3 Bb4 7. dxe4 Bxc3+ 8.
bxc3 Qxe4 9. Be3 O-O 10. Qd3 Qa4 11. Be2 Nc6 12. O-O Bg4 13. Nd4 Bxe2 14. Qxe2
Rfe8 15. Qf3 Ne4 16. Nf5 Ne5 17. Qh3 Nxc3 18. Rfe1 Qxc2 19. Bh6 gxh6 20. Rxe5
Rxe5 21. Qg3+ Kf8 22. Qg7+ Ke8 23. Qxe5+ Kd7 24. Qe7+ Kc6 25. Nd4+ {Time
forfeit} 1-0

[Event "Rated Blitz game"]
[Site "?"]
[Date "2021.10.11"]
[Round "?"]
[White "TKchess1"]
[Black "Depressed_player"]
[Result "1-0"]
[WhiteElo "2479"]
[BlackElo "2385"]
[PlyCount "141"]
[EventDate "2021.??.??"]
[EventType "blitz"]

1. e4 e5 2. Nf3 d5 3. Nc3 dxe4 4. Nxe4 Nf6 5. Nxf6+ Qxf6 6. d3 Bg4 7. Be2 h6 8.
O-O Nd7 9. Be3 Bd6 10. g3 O-O 11. Nxe5 Bxe5 12. Bxg4 Rad8 13. c3 Nb6 14. d4 Bd6
15. Qf3 c6 16. Qxf6 gxf6 17. Bxh6 Rfe8 18. Rfe1 Kh7 19. Be3 Nc4 20. b3 Nxe3 21.
Rxe3 Rxe3 22. fxe3 Kg6 23. Kf2 f5 24. Bf3 Rh8 25. h4 Kf6 26. Rg1 Ke6 27. e4
fxe4 28. Bxe4 f5 29. Bd3 f4 30. gxf4 Bxf4 31. Rh1 Rf8 32. Ke2 Bg3 33. h5 Rf2+
34. Ke3 Rh2 35. Rxh2 Bxh2 36. Ke4 Kf6 37. c4 Kg5 38. Be2 Bg1 39. d5 cxd5+ 40.
cxd5 Bh2 41. Kd4 Bd6 42. Bd1 Kf6 43. Ke4 Kg5 44. Bf3 Kf6 45. Kd4 Kg5 46. Bd1
Kf6 47. Bc2 Kg5 48. Bg6 Kf6 49. Kc4 Kg5 50. Kb5 Kf6 51. a4 Kg5 52. a5 Kh6 53.
a6 bxa6+ 54. Kxa6 Bc5 55. Kb7 Kg7 56. Kc6 Bd4 57. d6 Kf8 58. Kd7 a5 59. h6 Be5
60. h7 Kg7 61. Be4 Bf4 62. Ke7 Bg5+ 63. Ke8 Bf4 64. d7 Bg5 65. d8=Q Bxd8 66.
Kxd8 Kh8 67. Kc7 Kg7 68. Kb6 a4 69. bxa4 Kh8 70. a5 Kg7 71. a6 {Normal} 1-0

[Event "Rated Blitz game"]
[Site "?"]
[Date "2021.10.11"]
[Round "?"]
[White "ghadanfar"]
[Black "oALJHuNDro76"]
[Result "0-1"]
[WhiteElo "2514"]
[BlackElo "2370"]
[PlyCount "24"]
[EventDate "2021.??.??"]
[EventType "blitz"]

1. e4 e5 2. Nf3 d5 3. exd5 e4 4. Qe2 Nf6 5. d3 Qxd5 6. Nfd2 Be7 7. dxe4 Qe5 8.
Nc3 Nc6 9. Nf3 Qh5 10. Bf4 Bg4 11. O-O-O O-O 12. h3 Bc5 {Time forfeit} 0-1

[Event "Rated Blitz game"]
[Site "?"]
[Date "2021.10.11"]
[Round "?"]
[White "JeremyPietra"]
[Black "Schachelite"]
[Result "0-1"]
[WhiteElo "2414"]
[BlackElo "2505"]
[PlyCount "70"]
[EventDate "2021.??.??"]
[EventType "blitz"]

1. e4 e5 2. Nf3 d5 3. Nxe5 Bd6 4. d4 dxe4 5. Nc4 Nf6 6. Nxd6+ Qxd6 7. Be2 Nc6
8. Be3 O-O 9. c4 Rd8 10. d5 Ne5 11. Nc3 Qb4 12. Qd4 Nd3+ 13. Bxd3 exd3 14. Qxd3
Qxb2 15. Rb1 Bf5 16. Rxb2 Bxd3 17. Rxb7 Bxc4 18. Rxc7 Bxd5 19. O-O a6 20. Rd1
Be6 21. Rxd8+ Rxd8 22. h3 h6 23. Rc6 Rd3 24. Ne2 Ra3 25. Nf4 Bxa2 26. Rc8+ Kh7
27. g4 Nd5 28. Nxd5 Bxd5 29. Kh2 a5 30. Kg3 a4 31. Rd8 Bb3 32. Kf4 Ra2 33. Bd4
Rd2 34. Ke3 Rd1 35. Ra8 Rh1 {Normal} 0-1

[Event "Rated Blitz game"]
[Site "?"]
[Date "2021.10.11"]
[Round "?"]
[White "lecitronvert"]
[Black "RCompany_1"]
[Result "0-1"]
[WhiteElo "2541"]
[BlackElo "2470"]
[PlyCount "70"]
[EventDate "2021.??.??"]
[EventType "blitz"]

1. e4 e5 2. Nf3 d5 3. d4 dxe4 4. Nxe5 Bd6 5. Qh5 Qe7 6. Bc4 Bxe5 7. dxe5 Nc6 8.
Bb5 Bd7 9. Bxc6 Bxc6 10. Nc3 O-O-O 11. Qg4+ Kb8 12. Qxg7 f6 13. Qxh8 fxe5 14.
h4 Nf6 15. Qxd8+ Qxd8 16. Bg5 Qf8 17. O-O-O b6 18. Rd2 Kb7 19. Rhd1 h6 20. Rd8
Qg7 21. Be3 Ng4 22. b4 a6 23. a4 Nxe3 24. fxe3 b5 25. Nd5 bxa4 26. Kb2 Qxg2 27.
Ne7 Bb5 28. Rg8 Qe2 29. Rdd8 c5 30. Nf5 cxb4 31. Rb8+ Kc7 32. Rbc8+ Kb7 33.
Rb8+ Kc7 34. Rbc8+ Kd7 35. Rb8 a3+ {Time forfeit} 0-1

[Event "Rated Blitz game"]
[Site "?"]
[Date "2021.10.11"]
[Round "?"]
[White "Trmntr"]
[Black "rofaidah"]
[Result "0-1"]
[WhiteElo "2428"]
[BlackElo "2456"]
[PlyCount "56"]
[EventDate "2021.??.??"]
[EventType "blitz"]

1. e4 e5 2. Nf3 d5 3. Nxe5 Qe7 4. d4 f6 5. exd5 fxe5 6. Qh5+ g6 7. Qxe5 Bg7 8.
Qxe7+ Nxe7 9. c4 Bxd4 10. Nc3 O-O 11. f3 c6 12. d6 Nf5 13. Ne4 Be5 14. c5 b6
15. Bc4+ Kg7 16. f4 Bd4 17. Bd2 bxc5 18. Bc3 Nd7 19. O-O-O Nb6 20. Bb3 a5 21.
Nxc5 Bxc3 22. bxc3 a4 23. Bc2 Ne3 24. Rhe1 Nxd1 25. Re7+ Kh6 26. Kxd1 Bf5 27.
d7 Bxd7 28. Nxd7 Rad8 {Normal} 0-1

[Event "Rated Blitz game"]
[Site "?"]
[Date "2021.10.11"]
[Round "?"]
[White "Treil83"]
[Black "Andrey_Volk0v"]
[Result "0-1"]
[WhiteElo "2508"]
[BlackElo "2513"]
[PlyCount "36"]
[EventDate "2021.??.??"]
[EventType "blitz"]

1. e4 e5 2. Nf3 d5 3. Nxe5 Nf6 4. exd5 Qxd5 5. d4 Nc6 6. Nxc6 Qxc6 7. Be3 Bg4
8. f3 Be6 9. Bd3 Nd5 10. Qd2 Qb6 11. b3 Nxe3 12. Qxe3 O-O-O 13. c3 c5 14. Bc4
cxd4 15. Bxe6+ fxe6 16. cxd4 Bb4+ 17. Nd2 Rxd4 18. O-O-O Rhd8 {Normal} 0-1

[Event "Rated Blitz game"]
[Site "?"]
[Date "2021.10.11"]
[Round "?"]
[White "Murasakibara"]
[Black "khalid_ontawar"]
[Result "0-1"]
[WhiteElo "2430"]
[BlackElo "2502"]
[PlyCount "112"]
[EventDate "2021.??.??"]
[EventType "blitz"]

1. e4 e5 2. Nf3 d5 3. exd5 e4 4. Qe2 Nf6 5. d3 Bf5 6. dxe4 Bxe4 7. Nbd2 Qxd5 8.
Nxe4 Qxe4 9. Qxe4+ Nxe4 10. Bd3 Nc5 11. Bb5+ c6 12. Bc4 b5 13. Bb3 Nxb3 14.
axb3 Bc5 15. O-O O-O 16. Bf4 Nd7 17. Rfd1 Nf6 18. Ne5 Rac8 19. c3 Ne4 20. Nd3
Bb6 21. b4 Rcd8 22. Kf1 Rfe8 23. f3 Nf6 24. Bg5 Nd5 25. Bxd8 Ne3+ 26. Ke2 Nxd1+
27. Kxd1 Rxd8 28. Kc2 Re8 29. Re1 Rd8 30. Re7 Kf8 31. Rb7 g6 32. Nc5 Bxc5 33.
bxc5 Re8 34. Rxa7 Re2+ 35. Kb3 Rxg2 36. Rc7 Rxh2 37. Rxc6 Ke7 38. Rd6 Rh1 39.
Rd4 Ra1 40. c6 Ra6 41. Rd7+ Ke6 42. Rc7 h5 43. Kb4 h4 44. Kxb5 Ra2 45. b4 Ra8
46. Kb6 h3 47. Kb7 Rh8 48. Rc8 Rxc8 49. Kxc8 h2 50. c7 h1=Q 51. Kb8 Qh2 52. b5
Kd7 53. b6 Qd6 54. Ka7 Qc6 55. c4 Kc8 56. Ka6 Qa4# {Normal} 0-1